000
00437nam a2200133Ia 4500
008
100328s9999 xx 000 0 und d
082
_b
27802
100
_a
कोतापल्ले नागनाथ
245
_a
उलट चालिला प्रवाह
260
_b
ाारा
630
_a
उलट चालिला प्रवाह
730
_a
उलट चालिला प्रवाह
942
_c
BOOK
999
_c
519509
_d
519506